000 00890nam a2200229 i 4500
001 115412
003 ES-MaACL
005 20251215140834.0
007 t|
008 070308s1931 sp ||||1| spa d
080 _a821.134.2-22"19"
100 1 _aCustodio, Angel.
_942281
245 1 0 _aAlonso XIII de Bom-bon
_b: fantasía escénica en tres actos, en verso, inspirada en hechos de los últimos días que precedieron al derrumbamiento de la monarquía en España /
_cAngel Custodio y Javier de Burgos.
260 _aMadrid :
_bPrensa Moderna,
_c1931.
300 _a54 p. ;
_c17 cm.
490 1 _aEl Teatro moderno ;
_v303
500 _aEstrenada en el teatro Maravillas, de Madrid, el 13 de junio de1931.
700 1 _aBurgos, Javier de,
_d1885-1971
_9139908
830 0 3 _aEl teatro moderno (Prensa Moderna)
_v303
_9182365
852 _aES-MaACL
_jC-13143
999 _c115412
_d115412